| 000 | 00815nam a22001937a 4500 | ||
|---|---|---|---|
| 999 |
_c64176 _d64176 |
||
| 003 | Ge_BSU | ||
| 005 | 20260424171129.0 | ||
| 008 | 260424s2002 ge ||||| |||| 00| 0 geo d | ||
| 020 | _a999289329X | ||
| 041 | _ageo | ||
| 080 | _a330.34 ლ-42 | ||
| 100 |
_aლემონჯავა, პარმენ _927373 |
||
| 245 |
_aეკონომიკური განვითარების პრობლემები / _cპარმენ ლემონჯავა; [რედ.: რ. ქუტიძე]. |
||
| 264 |
_aთბ. : _bთბილ. უნ-ტის გამ-ბა, _c2002. |
||
| 300 |
_a27 გვ. ; _b20 სმ. |
||
| 504 | _aბიბლიოგრ.: გვ. 24. | ||
| 653 | _aეკონომიკური განვითარება | ||
| 942 |
_2udc _cᲬᲘᲒᲜᲘ |
||